000 00254 a2200097 4500
001 39987
100 _aGrolier Incorporated
245 _aAcademic American Encyclopaedia (Vol-15)
260 _aConnectiout
_bGrolier Incorporated
_c
090 _c24975
_d24975
942 _aNUST-CAE
_cM
_c16641
999 _c275060
_d275060